ABC από Ενός μέχρι επτά χρονών / Τέταρτη Έκδοση (Record no. 5969)
[ view plain ]
| 000 -LEADER | |
|---|---|
| fixed length control field | 02457cam a22002174a 4500 |
| 005 - ΗΜΕΡΟΜΗΝΙΑ ΚΑΙ ΩΡΑ ΤΕΛΕΥΤΑΙΑΣ ΕΝΗΜΕΡΩΣΗΣ | |
| Πεδίο ελέγχου | 20250605164227.0 |
| 008 - FIXED-LENGTH DATA ELEMENTS--GENERAL INFORMATION | |
| Πεδίο ελέγχου σταθερού μήκους | 250528s ||||||||||||||||||||||||d |
| 035 ## - SYSTEM CONTROL NUMBER | |
| System control number | 20889 |
| 020 ## - ISBN | |
| ISBN | 9789603946410 |
| 040 ## - ΠΗΓΗ ΚΑΤΑΛΟΓΟΓΡΑΦΗΣΗΣ | |
| Φορέας πρωτότυπης καταλογογράφησης | MC Athens Campus Library |
| Γλώσσα καταλογογράφησης | Ελληνικά, Μοντέρνα (1453-) |
| Modifying agency | MC Athens Campus Library |
| Κανόνες περιγραφικής καταλογογράφησης | AACR2 |
| 245 1# - ΤΙΤΛΟΣ ΚΑΙ ΔΗΛΩΣΗ ΥΠΕΥΘΥΝΟΤΗΤΑΣ | |
| Τίτλος | ABC από Ενός μέχρι επτά χρονών / Τέταρτη Έκδοση |
| 250 ## - EDITION STATEMENT | |
| Edition statement | 4η |
| 260 ## - PUBLICATION, DISTRIBUTION, ETC. | |
| Name of publisher, distributor, etc. | Εκδόσεις Παρισιάνου, |
| Date of publication, distribution, etc. | 2000 |
| 300 ## - PHYSICAL DESCRIPTION | |
| Extent | 160 |
| 520 ## - SUMMARY, ETC. | |
| Summary, etc. | Ο τυπικός οδηγός ασθενειών, αναπτυξιακών δυσκολιών και ψυχολογικών προβλημάτων παιδικής ηλικίας. Στα κεφάλαια του βιβλίου περιέχονται πληροφορίες για Λοιμώξεις του Αναπνευστικου, Βρογχικό Άσθμα, Πόνος στην Κοιλιακή Χώρα, Διάρροια, Αναπτυξιακά Προβλήματα. Εισαγωγή, Πρόλογος, Μιλώντας στα Παιδιά, Τα Τρομερά Δίχρονα, Διαταραχές του ΎΥπνου, Λοιμώξεις του Αναπνευστικού, Αμυγδαλίτιδα και Μέση Ωτίτιδα, Συριγμός, Βρογχικό Άσθμα, Οξύ Κοιλιακό Άλγος, Υποτροπιάζον Κοιλιακό Άλγος, Έμετος και Οξεία Διάρροια, Χρόνια Διάρροια, Ουρολοίμωξη, Ενούρηση, Συστολικά Φυσήματα, Στασιμότητα Σωματικής Ανάπτυξης, Συνήθη Εξανθήματα, Λοιμώδη Νοσήματα, Κοκκύτης, Παιδιατρική Δερματολογία, Πυρετικοί Σπασμοί, Επιληψία, Υποτροπιάζουσα Κεφαλαλγία, Δηλητηριάσεις, Ατυχήματα, Το Βαρέως Πάσχον Παιδί, Η Ανάπτυξη στους 18 Μήνες, Η Ανάπτυξη στα 2 έτη, Παιδιά με Ειδικές Ανάγκες, Αποτυχία στο Σχολείο, Ελάσσονα Ορθοπεδικά Προβλήματα, Χωλότητα, Υπηρεσίες για Παιδιά: Πρωτοβάθμια Φροντίδα, Παιδική Κακοποίηση, Χρήσιμες Πληροφορίες, Ευρετήριο. |
| 700 1# - ΠΡΟΣΘΕΤΗ ΑΝΑΓΡΑΦΗ--ΦΥΣΙΚΟ ΠΡΟΣΩΠΟ | |
| Personal name | Valman H.B |
| 9 (RLIN) | 6874 |
| 700 1# - ΠΡΟΣΘΕΤΗ ΑΝΑΓΡΑΦΗ--ΦΥΣΙΚΟ ΠΡΟΣΩΠΟ | |
| Personal name | Χρούσος Γεώργιος |
| 9 (RLIN) | 6873 |
| 942 ## - ADDED ENTRY ELEMENTS (KOHA) | |
| Koha item type | Books |
| Τύπος τεκμηρίου | Βιβλιοθήκη | Τρέχουσα τοποθεσία | Barcode | Αριθμός εισαγωγής | Ημερομηνία απόκτησης | Ταξιθετικό σύμβολο | Αριθμός αντιτύπου | Κατάσταση απόσυρσης | Κατάσταση χαμένου | Κατάσταση κατεστραμμένου | Μη δανεισμός | Σύνολο δανεισμών | Ημερομηνία τελευταίας εμφάνισης | Η τιμή ισχύει από |
|---|---|---|---|---|---|---|---|---|---|---|---|---|---|---|
| Books | MC Athens Campus Library | MC Athens Campus Library | 9780000059680 | 6545 | 05/06/2025 | 618.92 VAL | 2 | 05/06/2025 | 05/06/2025 |